| 000 | 00347nam a22001337a 4500 | ||
|---|---|---|---|
| 005 | 20250908105540.0 | ||
| 008 | 250908b |||||||| |||| 00| 0 eng d | ||
| 020 | _a9783544340009 | ||
| 100 | _aMADUGBA MOSY U. | ||
| 245 | _aELDERSAT THE GATE | ||
| 260 |
_aNIGERIA _bSPIRITUAL LIFE OUTREACH PUBLICATION _cc2000 |
||
| 300 | _a113p | ||
| 942 |
_2lcc _cBK _n0 |
||
| 999 |
_c7474 _d7474 |
||